000 00763nas a2200241 4500
001 BR2012004030
003 BR-BrBNA
005 20231205120638.0
007 ta
008 230509b bl.|||p| |||| 00| 00por d
040 _aBR-BrBNA
_bpor
_cBiblioteca Nacional de Agricultura
041 _a(Pt)
072 _aF50
100 1 _aCavalheiro, E.M.
100 1 _aLonghi-Wagner, H.M.
245 1 _aO gênero Panicum L. (GRAMINEAE); subgênero Phanopyrum (Rafin.)Pilger no Rio Grande do Sul, Brasil
650 _aGRAMINEAE
650 _aGRAMÍNEA
650 _aRIO GRANDE DO SUL
773 0 _tIheringia. Série Botânica (Brazil)
_xISSN 0073-4705
_g(Jun 1991), v.41 p. 101-139
_wBR2012004030
909 _a202311
_bLúcia
_c55
_dLúcia Elande
942 _2AGRIS
_n0
_cANA
999 _c219542
_d219542